[Event "Niederbayern-ch Seniors"]
[Site "Regen"]
[Date "2015.06.19"]
[Round "4"]
[White "Zorn, Guenter"]
[Black "Hilmer, Karl"]
[Result "1/2-1/2"]
[WhiteElo "1558"]
[BlackElo "1485"]
[PlyCount "144"]
[EventDate "2015.06.18"]
[EventType "tourn"]
[EventRounds "7"]
[EventCountry "GER"]
[SourceTitle "EXT 2023"]
[Source "ChessBase"]
[SourceDate "2022.10.05"]
[SourceVersion "1"]
[SourceVersionDate "2022.10.05"]
[SourceQuality "1"]

1. d4 Nf6 2. c4 e6 3. Nc3 d5 4. e3 c6 5. a3 Nbd7 6. Nf3 Be7 7. Bd3 0-0 8. 0-0 dxc4 9. Bxc4 Nd5 10. Bd2 N7f6 11. Bd3 Bd6 12. Ne5 Qc7 13. f4 Nd7 14. Nxd5 exd5 15. b4 b5 16. Be2 Nf6 17. Bf3 Nd7 18. Rc1 Nxe5 19. Bxd5 Qd7 20. fxe5 cxd5 21. exd6 Qxd6 22. Be1 Be6 23. Bg3 Qa6 24. Qb3 Rac8 25. Ra1 Rc4 26. Rfc1 Rxc1+ 27. Rxc1 Rc8 28. Rc5 Qb7 29. Qc3 Qd7 30. Rxc8+ Qxc8 31. Qc5 a6 32. Bf2 g6 33. Bg3 Qxc5 34. dxc5 Bd7 35. Kf2 f6 36. Ke2 Kf7 37. h4 Ke6 38. Kd3 Bc6 39. Bf4 Kf5 40. g3 Kg4 41. Ke2 g5 42. hxg5 fxg5 43. Be5 Kf5 44. Bd6 h5 45. Be7 Kg4 46. Kf2 h4 47. gxh4 gxh4 48. Kg1 Kh3 49. Kf2 Kg4 50. Bd6 h3 51. Be5 Kf5 52. Bc7 Bd7 53. Kf3 Bc6 54. Kf2 Ke4 55. Bh2 Kd3 56. Be5 Kc4 57. Kg3 Kb3 58. Kxh3 Kxa3 59. Bc3 Kb3 60. Be1 Kc4 61. Kg3 a5 62. bxa5 b4 63. Bd2 b3 64. Bc1 Kb5 65. Bb2 Kxa5 66. Kf4 Kb4 67. Bd4 Ka3 68. Ke5 b2 69. Bxb2+ Kxb2 70. Kd6 Ba8 71. c6 Kc3 72. Kxd5 Bxc6+ 1/2-1/2

[Event "Bad Griesbach Seniors op 13th"]
[Site "Bad Griesbach"]
[Date "2010.12.05"]
[Round "1"]
[White "Boldt, Heinrich"]
[Black "Zorn, Guenter"]
[Result "1-0"]
[WhiteElo "1765"]
[BlackElo "1335"]
[PlyCount "105"]
[EventDate "2010.12.05"]
[EventType "swiss"]
[EventRounds "7"]
[EventCountry "GER"]
[SourceTitle "EXT 2015"]
[Source "ChessBase"]
[SourceDate "2014.11.20"]
[SourceVersion "1"]
[SourceVersionDate "2014.11.20"]
[SourceQuality "1"]

1. d4 d5 2. Nf3 Nc6 3. e3 e6 4. c4 Nge7 5. Nc3 g6 6. Bd3 Bg7 7. Bd2 0-0 8. a3 b6 9. b4 Bb7 10. Rc1 a5 11. b5 Na7 12. a4 c6 13. c5 cxb5 14. axb5 bxc5 15. dxc5 Rc8 16. Na4 e5 17. Be2 d4 18. exd4 exd4 19. Bg5 f6 20. Bf4 Re8 21. 0-0 f5 22. c6 Naxc6 23. bxc6 Bxc6 24. Bc4+ Bd5 25. Bxd5+ Nxd5 26. Bg5 Qd6 27. Rxc8 Rxc8 28. Qd2 Qb4 29. Qxb4 axb4 30. Rd1 h6 31. Bc1 Nc3 32. Nxc3 Rxc3 33. Bb2 Rc4 34. Bxd4 Bxd4 35. Nxd4 Rc8 36. Kf1 Rb8 37. Rb1 Rb6 38. Rb3 Kf7 39. Nc2 Kf6 40. Rxb4 Rc6 41. Ne3 h5 42. Rb6 Rxb6 43. Nd5+ Kg5 44. Nxb6 Kf4 45. Ke2 g5 46. Nd5+ Ke5 47. Nc3 h4 48. f3 g4 49. fxg4 fxg4 50. Ke3 Kf5 51. Ne2 Kg5 52. Ke4 h3 53. g3 1-0

[Event "Niederbayern-ch Seniors 50th"]
[Site "Teisnach"]
[Date "2009.??.??"]
[Round "4"]
[White "Zorn, Guenter"]
[Black "Heyne, Werner"]
[Result "0-1"]
[WhiteElo "1269"]
[BlackElo "1474"]
[PlyCount "83"]
[EventDate "2009.??.??"]
[EventType "swiss"]
[EventRounds "7"]
[EventCountry "GER"]
[SourceTitle "EXT 2011"]
[Source "ChessBase"]
[SourceDate "2010.11.26"]
[SourceVersion "1"]
[SourceVersionDate "2010.11.26"]
[SourceQuality "1"]

1. d4 d5 2. c4 e6 3. Nc3 Nf6 4. Nf3 Be7 5. e3 0-0 6. Be2 a6 7. a3 dxc4 8. Bxc4 b5 9. Be2 Bb7 10. 0-0 Nbd7 11. b4 Nb6 12. Nd2 Nbd5 13. Bb2 Nxc3 14. Bxc3 c6 15. Bf3 Qc7 16. Rc1 Nd5 17. Nb3 Nxc3 18. Rxc3 Qb6 19. Na5 Rac8 20. Qc2 Ba8 21. Rc1 Rc7 22. Bxc6 Rfc8 23. Qe4 Bxc6 24. Nxc6 Bd6 25. g3 g6 26. h4 h5 27. Qf3 Kg7 28. e4 Rxc6 29. Rxc6 Rxc6 30. Rxc6 Qxc6 31. Kg2 f5 32. e5 Qxf3+ 33. Kxf3 Be7 34. Kf4 Kh6 35. Ke3 g5 36. hxg5+ Bxg5+ 37. Ke2 Bc1 38. Kd3 Bxa3 39. Kc3 Kg6 40. d5 exd5 41. Kd4 Bxb4 42. Kxd5 0-1

[Event "Bad Griesbach Seniors op 11th"]
[Site "Bad Griesbach"]
[Date "2008.12.13"]
[Round "7"]
[White "Klein, Reinhard"]
[Black "Zorn, Guenter"]
[Result "1-0"]
[WhiteElo "1739"]
[BlackElo "1318"]
[PlyCount "91"]
[EventDate "2008.12.07"]
[EventType "swiss"]
[EventRounds "7"]
[EventCountry "GER"]
[SourceTitle "EXT 2015"]
[Source "ChessBase"]
[SourceDate "2014.11.20"]
[SourceVersion "1"]
[SourceVersionDate "2014.11.20"]
[SourceQuality "1"]

1. d4 d5 2. Bf4 e6 3. e3 Bd6 4. Bg3 Nf6 5. Nf3 Be7 6. Nbd2 Nc6 7. c3 Bd7 8. Bd3 a6 9. Ne5 Bd6 10. f4 Ne7 11. 0-0 Nf5 12. Bf2 Bc6 13. g4 Ne7 14. Bh4 Ng6 15. Bg3 Ne4 16. Nxc6 bxc6 17. Nxe4 dxe4 18. Bxe4 Qd7 19. c4 0-0 20. Qa4 Ne7 21. c5 f5 22. cxd6 cxd6 23. gxf5 exf5 24. Bg2 d5 25. Bh4 Ng6 26. Bf2 Rfb8 27. Rfc1 Ne7 28. b4 Ra7 29. Rc5 Rb5 30. Rac1 Rxc5 31. Rxc5 g6 32. Bh4 Kg7 33. Bxe7 Qxe7 34. Kf2 Qh4+ 35. Kf1 Qxh2 36. Qc2 Qg3 37. Qe2 Re7 38. Qf3 Rxe3 39. Qxg3 Rxg3 40. Rxc6 Rd3 41. Rxa6 Rxd4 42. b5 h5 43. b6 Rb4 44. Bxd5 Rd4 45. Ra7+ Kh6 46. b7 1-0

[Event "Bad Griesbach Seniors op 11th"]
[Site "Bad Griesbach"]
[Date "2008.12.09"]
[Round "3"]
[White "Mahrla, Hans"]
[Black "Zorn, Guenter"]
[Result "1-0"]
[WhiteElo "1652"]
[BlackElo "1318"]
[PlyCount "71"]
[EventDate "2008.12.07"]
[EventType "swiss"]
[EventRounds "7"]
[EventCountry "GER"]
[SourceTitle "EXT 2015"]
[Source "ChessBase"]
[SourceDate "2014.11.20"]
[SourceVersion "1"]
[SourceVersionDate "2014.11.20"]
[SourceQuality "1"]

1. e4 c5 2. f4 d6 3. Nf3 Bg4 4. c3 Nf6 5. d3 Nc6 6. Be2 e6 7. 0-0 Be7 8. Be3 Nd7 9. d4 d5 10. e5 a6 11. Nbd2 cxd4 12. cxd4 0-0 13. h3 Bxf3 14. Nxf3 b5 15. a3 Na5 16. Nd2 Rc8 17. b4 Nc4 18. Bf2 f6 19. Nxc4 bxc4 20. Qc2 fxe5 21. fxe5 Bh4 22. Bg4 Bxf2+ 23. Rxf2 Qe7 24. Qc3 Rxf2 25. Kxf2 Rf8+ 26. Kg1 Qf7 27. a4 Rb8 28. Rb1 Nf8 29. b5 axb5 30. axb5 Qc7 31. Qb4 h6 32. b6 Qb7 33. Qd6 Qc8 34. Qc7 Qxc7 35. bxc7 Rxb1+ 36. Kh2 1-0

[Event "Niederbayern-ch Seniors 49th"]
[Site "Vilshofen"]
[Date "2008.??.??"]
[Round "2"]
[White "Zorn, Guenter"]
[Black "Bilyavskyy, Borys"]
[Result "0-1"]
[WhiteElo "1275"]
[BlackElo "1764"]
[PlyCount "74"]
[EventDate "2008.??.??"]
[EventType "swiss"]
[EventRounds "7"]
[EventCountry "GER"]
[SourceTitle "EXT 2010"]
[Source "ChessBase"]
[SourceDate "2010.11.25"]
[SourceVersion "1"]
[SourceVersionDate "2010.11.25"]
[SourceQuality "1"]

1. d4 Nf6 2. Nf3 g6 3. Bg5 Bg7 4. Nc3 d5 5. e3 0-0 6. Bd3 Nc6 7. a3 Re8 8. 0-0 e5 9. Bb5 e4 10. Ne5 Qd6 11. Nxc6 bxc6 12. Bf4 Qe6 13. Be2 Qe7 14. h3 Rb8 15. b4 Qd8 16. Na4 Nd7 17. Rb1 Nf8 18. c4 Ne6 19. Bg3 f5 20. cxd5 cxd5 21. f4 c6 22. Rc1 Bd7 23. Nc5 Nxc5 24. Rxc5 Bf8 25. Ra5 Rb7 26. Qb3 Qxa5 27. Be1 Qb6 28. Qb1 a5 29. Kh2 axb4 30. axb4 Bxb4 31. Bf2 Be7 32. Qc2 Qb3 33. Qxb3 Rxb3 34. Bd1 Rb2 35. Kg1 Ra8 36. Be1 Raa2 37. Bf2 Ra1 0-1

[Event "Bad Griesbach Seniors op 10th"]
[Site "Bad Griesbach"]
[Date "2007.12.03"]
[Round "2"]
[White "Zorn, Guenter"]
[Black "Alefs, Heinz"]
[Result "0-1"]
[WhiteElo "1341"]
[BlackElo "1678"]
[PlyCount "39"]
[EventDate "2007.12.02"]
[EventType "swiss"]
[EventRounds "7"]
[EventCountry "GER"]
[SourceTitle "EXT 2015"]
[Source "ChessBase"]
[SourceDate "2014.11.20"]
[SourceVersion "1"]
[SourceVersionDate "2014.11.20"]
[SourceQuality "1"]

1. d4 Nf6 2. c4 e5 3. e3 exd4 4. exd4 d5 5. c5 Be7 6. Nf3 0-0 7. Be2 b6 8. b4 a5 9. Bd2 axb4 10. Bxb4 bxc5 11. dxc5 Ne4 12. Qc2 Nc6 13. Ba3 Bf5 14. Bd3 Bf6 15. Bb2 Nb4 16. Bxf6 Nxc2+ 17. Bxc2 Qxf6 18. 0-0 Qxa1 19. Nbd2 Qxa2 20. Bxe4 0-1

[Event "Niederbayern-ch Seniors 48th"]
[Site "Ortenburg"]
[Date "2007.??.??"]
[Round "6"]
[White "Koenigl, Anton"]
[Black "Zorn, Guenter"]
[Result "1-0"]
[WhiteElo "1740"]
[BlackElo "1428"]
[PlyCount "49"]
[EventDate "2007.??.??"]
[EventType "swiss"]
[EventRounds "7"]
[EventCountry "GER"]
[SourceTitle "EXT 2010"]
[Source "ChessBase"]
[SourceDate "2010.11.25"]
[SourceVersion "1"]
[SourceVersionDate "2010.11.25"]
[SourceQuality "1"]

1. e4 e5 2. Nf3 Nc6 3. d4 exd4 4. Bc4 Be7 5. 0-0 d6 6. Nxd4 Nf6 7. Nf5 0-0 8. Nxe7+ Nxe7 9. Bd3 Bg4 10. f3 Bh5 11. Be3 Nc6 12. Nc3 Ne5 13. Be2 h6 14. Kh1 Kh8 15. g4 Bg6 16. f4 Nxe4 17. fxe5 Qh4 18. Nxe4 Bxe4+ 19. Bf3 f5 20. exd6 Rad8 21. Bxe4 Rxd6 22. Qf3 Re8 23. Bxf5 Rf6 24. Bd4 Rxf5 25. Qxf5 1-0

[Event "Niederbayern-ch Seniors 47th"]
[Site "Aidenbach"]
[Date "2006.04.19"]
[Round "2"]
[White "Seitz, Willi"]
[Black "Zorn, Guenter"]
[Result "0-1"]
[WhiteElo "1396"]
[BlackElo "1422"]
[PlyCount "40"]
[EventDate "2006.04.18"]
[EventType "swiss"]
[EventRounds "7"]
[EventCountry "GER"]
[SourceTitle "EXT 2007"]
[Source "ChessBase"]
[SourceDate "2006.11.23"]
[SourceVersion "1"]
[SourceVersionDate "2006.11.23"]
[SourceQuality "1"]

1. e4 e5 2. Nf3 Nc6 3. Bc4 Be7 4. d3 Nf6 5. Be3 a6 6. a3 d6 7. Nbd2 0-0 8. h3 b5 9. Ba2 Be6 10. Bxe6 fxe6 11. Nh2 d5 12. exd5 exd5 13. Ndf3 d4 14. Bd2 e4 15. Ng5 Qd5 16. 0-0 Bd6 17. Ng4 Rae8 18. Nxf6+ Rxf6 19. Nxe4 Rg6 20. Nxd6 Qxg2# 0-1

[Event "Bad Griesbach Seniors op 08th"]
[Site "Bad Griesbach"]
[Date "2005.12.07"]
[Round "4"]
[White "Zorn, Guenter"]
[Black "Proelss, Walter"]
[Result "0-1"]
[WhiteElo "1401"]
[BlackElo "1684"]
[PlyCount "39"]
[EventDate "2005.12.04"]
[EventType "swiss"]
[EventRounds "9"]
[EventCountry "GER"]
[SourceTitle "EXT 2015"]
[Source "ChessBase"]
[SourceDate "2014.11.20"]
[SourceVersion "1"]
[SourceVersionDate "2014.11.20"]
[SourceQuality "1"]

1. d4 e6 2. Nf3 b6 3. e3 Bb7 4. Be2 f5 5. Nbd2 Be7 6. b3 Nf6 7. Bb2 0-0 8. h3 d6 9. c3 Nbd7 10. Qc2 Ne4 11. 0-0 Qe8 12. Ne1 Qg6 13. Bf3 Ndf6 14. Nxe4 Nxe4 15. Bxe4 fxe4 16. Qd2 Qh6 17. f3 Ba6 18. c4 Bf6 19. Rb1 d5 20. Bc1 0-1

[Event "Bad Griesbach Seniors op 08th"]
[Site "Bad Griesbach"]
[Date "2005.12.04"]
[Round "1"]
[White "Sierian, Peter"]
[Black "Zorn, Guenter"]
[Result "0-1"]
[WhiteElo "1688"]
[BlackElo "1401"]
[PlyCount "60"]
[EventDate "2005.12.04"]
[EventType "swiss"]
[EventRounds "9"]
[EventCountry "GER"]
[SourceTitle "EXT 2015"]
[Source "ChessBase"]
[SourceDate "2014.11.20"]
[SourceVersion "1"]
[SourceVersionDate "2014.11.20"]
[SourceQuality "1"]

1. d4 d5 2. c4 Nf6 3. cxd5 Nxd5 4. e4 Nf6 5. Nc3 e6 6. Bg5 Be7 7. Nf3 b6 8. Bb5+ c6 9. Bd3 h6 10. Be3 Bb7 11. h3 Nbd7 12. Qe2 Qc7 13. Rc1 Rc8 14. 0-0 Qb8 15. Ba6 0-0 16. Bxb7 Qxb7 17. Bf4 c5 18. d5 exd5 19. exd5 Rfe8 20. Qd2 Bf8 21. Rfe1 b5 22. Rcd1 c4 23. Ne4 Nxe4 24. Qc2 Nec5 25. Qf5 Nd3 26. Rxe8 Rxe8 27. Bxh6 gxh6 28. Nd4 Re5 29. Qg4+ Rg5 30. Qh4 Qxd5 0-1

[Event "Niederbayern-ch Seniors 46th"]
[Site "Vilshofen"]
[Date "2005.??.??"]
[Round "6"]
[White "Zorn, Guenter"]
[Black "Fischer, Semen"]
[Result "0-1"]
[WhiteElo "1431"]
[BlackElo "1644"]
[PlyCount "74"]
[EventDate "2005.03.29"]
[EventType "swiss"]
[EventRounds "7"]
[EventCountry "GER"]
[SourceTitle "EXT 2007"]
[Source "ChessBase"]
[SourceDate "2006.11.23"]
[SourceVersion "1"]
[SourceVersionDate "2006.11.23"]
[SourceQuality "1"]

1. g3 e5 2. d3 d5 3. e4 dxe4 4. dxe4 Qxd1+ 5. Kxd1 Nf6 6. Bd3 Bc5 7. Be3 Bxe3 8. fxe3 Bg4+ 9. Kd2 Nc6 10. h3 Bh5 11. Nc3 0-0-0 12. a3 Rd7 13. Nge2 Bf3 14. Rhg1 Nxe4+ 15. Ke1 Nxc3 16. Nxc3 g6 17. Kf2 Bd5 18. Rad1 Be6 19. g4 h5 20. Be2 hxg4 21. Rxd7 Kxd7 22. hxg4 Ne7 23. Ne4 b6 24. b3 Nd5 25. Bc4 Rh2+ 26. Rg2 Rxg2+ 27. Kxg2 Nxe3+ 28. Kf3 Nxc4 29. bxc4 Bxc4 30. Ke3 f5 31. gxf5 gxf5 32. Nd2 Bd5 33. Nb1 Kd6 34. Nd2 Kc5 35. Nb3+ Bxb3 36. cxb3 Kd5 37. Kd3 f4 0-1

[Event "Niederbayern-ch Seniors 45th"]
[Site "Regen"]
[Date "2004.??.??"]
[Round "5"]
[White "Breitfuss, Joachim"]
[Black "Zorn, Guenter"]
[Result "1-0"]
[WhiteElo "1366"]
[BlackElo "1453"]
[PlyCount "82"]
[EventDate "2004.04.13"]
[EventType "swiss"]
[EventRounds "7"]
[EventCountry "GER"]
[SourceTitle "EXT 2006"]
[Source "ChessBase"]
[SourceDate "2005.11.24"]
[SourceVersion "1"]
[SourceVersionDate "2005.11.24"]
[SourceQuality "1"]

1. d4 d5 2. c4 Nf6 3. Nc3 e6 4. Bg5 Bb4 5. Qc2 c6 6. e3 Nbd7 7. Nf3 h6 8. Bf4 b6 9. Bd3 Ba6 10. cxd5 Bxd3 11. Qxd3 cxd5 12. 0-0 0-0 13. a3 Be7 14. Rac1 Nh5 15. Ne2 Nxf4 16. Nxf4 Nf6 17. Rc6 Rc8 18. Rfc1 Rxc6 19. Rxc6 Ne4 20. Qa6 Qa8 21. Rc7 Bd6 22. Rxa7 Qd8 23. Rb7 Qc8 24. Rxb6 Qc1+ 25. Qf1 Rc8 26. Nd3 Qc2 27. Nde1 Qc7 28. Qa6 Rb8 29. Rxb8+ Qxb8 30. b4 Bxb4 31. axb4 Qxb4 32. Qc8+ Kh7 33. Qc2 g6 34. Nd3 Qb8 35. Nfe5 f6 36. Nd7 Qa8 37. f3 Qa1+ 38. Qc1 Qa4 39. Nf8+ Kg8 40. Nxe6 Kf7 41. fxe4 Kxe6 1-0